000 00309nam a22001337a 4500
008 181207b xxu||||| |||| 00| 0 eng d
020 _a9780766019430
041 _aeng
080 _a610
100 _a4
101 _aSHM
245 _aOrgan And Tissues Transplants medical
_cMarilyn,M
942 _2udc
_cBK
999 _c53091
_d53091